Complete the Card - WWE Vengeance 2003 - Statistics

General Stats
  • This quiz has been taken 209 times
  • The average score is 14 of 18
Answer Stats
Answer % Correct
Kurt Angle
95%
Brock Lesnar
93%
The Undertaker
92%
John Cena
90%
Eddie Guerrero
89%
The Big Show
89%
Chris Benoit
87%
Bradshaw
86%
Rey Mysterio
80%
Shelton Benjamin
76%
Charlie Haas
74%
Stephanie McMahon
72%
Vince McMahon
72%
Sable
68%
Billy Kidman
62%
Zach Gowen
59%
Billy Gunn
54%
Jamie Noble
50%
No matching quizzes found
Score Distribution
Percent of People with Each Score
Percentile by Number Answered
Your Score History
You have not taken this quiz